Alle Elemente des Periodensystems nach Symbol - Statistiken

Allgemein
  • Dieses Quiz wurde 889 mal gespielt
  • Das Durchschnittsergebnis liegt bei 67 aus 118
Antwortstatistiken
Symbol Element % Korrekt
Mg Magnesium
94%
O Sauerstoff
91%
Au Gold
90%
N Stickstoff
90%
K Kalium
89%
C Kohlenstoff
89%
U Uran
89%
H Wasserstoff
88%
Na Natrium
87%
Fe Eisen
86%
Li Lithium
86%
Ne Neon
86%
Zn Zink
86%
S Schwefel
85%
Ti Titan
85%
Cu Kupfer
84%
Al Aluminium
83%
Pb Blei
83%
Ca Calcium
83%
F Fluor
82%
Ar Argon
81%
Xe Xenon
81%
Ga Gallium
80%
Br Brom
79%
He Helium
79%
Be Beryllium
78%
B Bor
78%
Ag Silber
78%
Ra Radium
76%
Ba Barium
75%
Cl Chlor
75%
Mn Mangan
74%
Ge Germanium
73%
I Iod
73%
Ni Nickel
73%
Ir Iridium
71%
P Phosphor
71%
Cr Chrom
69%
Si Silicium
69%
W Wolfram
69%
Kr Krypton
68%
Hg Quecksilber
68%
Co Kobalt
66%
Se Selen
66%
V Vanadium
66%
As Arsen
64%
Bi Bismut
64%
Pt Platin
63%
Y Yttrium
63%
Po Pollonium
61%
Sn Zinn
61%
Cs Caesium
60%
Fr Francium
60%
In Indium
60%
Rb Rubidium
60%
Sc Scandium
59%
Nb Niob
57%
Os Osmium
56%
Te Tellur
56%
Ce Cer
55%
Es Einsteinium
53%
Mo Molybdän
53%
Rf Rutherfordium
53%
Cd Cadmium
52%
La Lanthan
52%
Rn Radon
52%
Eu Europium
51%
Hf Hafnium
51%
Am Americium
50%
Pu Plutonium
50%
Rh Rhodium
47%
Sr Strontium
47%
Ta Tantal
47%
Hs Hassium
46%
Pd Palladium
46%
Ac Actinium
45%
Cf Californium
45%
Er Erbium
45%
Np Neptunium
45%
Yb Ytterbium
45%
Ds Darmstadtium
44%
Fm Fermium
44%
Tc Technetium
44%
Th Thorium
44%
At Astat
43%
Lr Lawrencium
42%
Og Oganesson
40%
Ho Holmium
39%
No Nobelium
39%
Zr Zirconium
39%
Bh Bohrium
38%
Rg Roentgenium
37%
Tl Thallium
37%
Sb Antimon
36%
Bk Berkelium
36%
Lu Lutetium
35%
Re Rhenium
35%
Cm Curium
34%
Nd Neodym
34%
Ru Ruthenium
33%
Lv Livermorium
32%
Mt Meitnerium
32%
Md Mendelevium
32%
Db Dubnium
31%
Ts Tenness
31%
Tb Terbium
31%
Dy Dysprosium
30%
Gd Gadolinium
28%
Nh Nihonium
28%
Sm Samarium
28%
Fl Flerovium
27%
Mc Moscovium
27%
Sg Seaborgium
27%
Tm Thulium
23%
Pr Praseodym
22%
Pm Promethium
22%
Cn Copernicium
18%
Pa Protactinium
18%
Keine übereinstimmenden Quizze gefunden
Verteilung der Resultate
Anzahl Personen mit jedem Resultat
Perzentil nach korrekt beantworteten Fragen
Ihre Resultats-Entwicklung
Sie haben dieses Quiz noch nicht gespielt